Mobs de Minecraft - Estadísticas

Estadísticas generales
  • Esta prueba ha sido intentada 118 veces
  • La puntuación promedio es 43 de 82
Estadísticas de respuestas
Tipo Mob % Correcto
Hostile Zombi
98%
Passive Cerdo
97%
Hostile Esqueleto
95%
Passive Vaca
95%
Boss Ender Dragon
93%
Utility Golem de {Hierro}
93%
Passive Aldeano
92%
Tameable Caballo
91%
Tameable Lobo
91%
Passive Oveja
87%
Neutral Enderman
86%
Tameable Gato
86%
Hostile Creeper
85%
Boss Wither
85%
Passive Pollo
83%
Utility Golem de {Nieve}
81%
Neutral Araña
78%
Hostile Ghast
72%
Neutral Piglin
72%
Passive Salmón
71%
Tameable Loro
70%
Neutral Abeja
66%
Hostile Ahogado
64%
Passive Calamar
64%
Tameable Burro
62%
Passive Pez globo
62%
Passive Rana
62%
Hostile Blaze
59%
Hostile Guardian
59%
Tameable Llama
59%
Neutral Ajolote
57%
Hostile Bruja
57%
Hostile Saqueador
57%
Hostile Slime
57%
Neutral Zorro
56%
Passive Murciélago
53%
Hostile Lepisma
52%
Passive Ocelote
52%
Neutral Panda
52%
Passive Pez Tropical
52%
Hostile Warden
52%
Passive Bacalao
51%
Passive Conejo
51%
Hostile Shulker
51%
Neutral Delfín
49%
Neutral Cabra
48%
Neutral Oso polar
48%
Hostile Endermite
47%
Neutral Allay
45%
Hostile Cubo de Magma
45%
Neutral Araña de Cueva
44%
Tameable Mula
44%
Passive Camello
43%
Hostile Fantasma
41%
Passive Armadillo
35%
Passive Caballo Esqueleto
35%
Passive Champiñaca
35%
Hostile Evocador
35%
Passive Tortuga
35%
Hostile Hoglin
34%
Hostile Vindicador
33%
Hostile Esqueleto de Wither
30%
Hostile / Boss Guardian Anciano
29%
Hostile Piglin Bruto
29%
Passive Vendedor ambulante
29%
Hostile Aldeano Zombi
28%
Hostile Devastador
27%
Hostile Jinete {avícola}
24%
Passive Sniffer
24%
Neutral Piglin Zombificado
23%
Hostile Zombi Desértico
23%
Passive Lavagante
22%
Hostile Vex
22%
Passive Renacuajo
21%
Hostile Zoglin
21%
Hostile Esqueleto Glacial
19%
Passive Calamar Luminoso
17%
Hostile Breeze
16%
Hostile Jinete Esqueleto
16%
Hostile Jinete {Arácnido}
12%
Hostile Esqueleto pantanoso
10%
Neutral Llama Comerciante
3%
No se encontraron pruebas coincidentes
Distribución de puntuación
Porcentaje de gente con cada puntuación
Porcentaje por número respondido
Historial de tus puntuaciones
No has intentado esta prueba.